000 01055cam a22003254a 4500
001 74412
005 20230410123925.0
008 090901s2009 ag a b 000 0 spa c
010 _a 2009481749
035 _a(OCoLC)ocn463452538
040 _aCGU
_cCGU
_dDLC
020 _a9789872459130
020 _a9872459134
035 _a(OCoLC)463452538
042 _apcc
043 _as-ag---
050 1 4 _aLA 548
_bM533 2009
049 _aGRAL
245 0 0 _aMemorias de la universidad :
_botras perspectivas para una nueva ley de educación superior /
_cMarcela Mollis (compiladora) ... [et al.] ; [prólogo, Pablo Gentili].
260 _aBuenos Aires :
_bEdiciones del CCC :
_bCLACSO,
_c[2009]
300 _a244 p. :
_bill. ;
_c23 cm.
504 _aIncludes bibliographical references.
650 0 _aEducation, Higher
650 0 _aEducation, Higher
_zArgentina
_xHistory
_y20th century.
650 0 _aEducation, Higher
_xLaw and legislation
_zArgentina.
700 1 _aMollis, Marcela.
942 _2lcc
_cbk
994 _aC0
_bDRFGD
946 _aLD
999 _c68267
_d68267